000 01066nam a2200241Ia 4500
999 _c53408
_d53408
001 20451
003 GE_BSU
005 20251118213051.0
008 181216s1972||||ge |||||||||||||| ||geo||
040 _cGE_BSU
041 _ageo
080 _a811.353.1-84(075.3=161.1) ჩ-62
100 _aჩინჩალაძე, მ.
_926272
245 _aქართული ენა :
_bსახელმძღვ. საქ. სსრ რუსული სკოლის მე-7 კლასისათვის /
_cმ. ჩინჩალაძე, კ. დევდარიანი, ს. დვალი; რედ. მ. ღვინიაშვილი.
250 _aმე-11 გამოცემა
264 _aთბილისი :
_bგანათლება,
_c1972.
300 _a156 გვ. ;
_b21 სმ.
541 _h34 თ.
653 _aქართული ენა
700 _aდევდარიანი, კ.
_eავტორი
_926273
700 _aდვალი, ს.
_eავტორი
_926274
942 _cBK
_2udc